Les réalisateur.ice.s préféré.e.s de Sight and Sound - Statistiques

Statistiques générales
  • Ce quiz a été pris 19 fois
  • Le résultat moyen est 54 sur 158
Statistiques - réponses
Pays d'origine Classement des films Réponse % Correct
Suède 18, 108, 132, 142, 239 Ingmar Bergman
100%
France 38, 57, 85, 86, 166 Jean-Luc Godard
100%
USA 6, 47, 88, 198, 260 Stanley Kubrick
100%
Japon 20, 42, 160, 189 Akira Kurosawa
92%
Royaume-Uni 36, 81 Charlie Chaplin
92%
USA 29, 64, 131 Martin Scorsese
92%
Italie 73, 196, 235 Roberto Rossellini
92%
Iran 17, 164, 262 Abbas Kiarostami
83%
France 14, 67, 101, 155 Agnès Varda
83%
Royaume-Uni 2, 33, 40, 45, 133, 190 Alfred Hitchcock
83%
Belgique 1, 52, 241 Chantal Akerman
83%
Italie 32, 61, 168 Federico Fellini
83%
USA 12, 19, 105 Francis Ford Coppola
83%
France 50 François Truffaut
83%
USA 107, 224 Steven Spielberg
83%
Hong Kong 5, 89, 228 Wong Kar-Wai
83%
Japon 4, 22, 191 Yasujiro Ozu
83%
Autriche 39, 54, 82, 204 Billy Wilder
75%
Corée du Sud 93 Bong Joon-Ho
75%
Allemagne 11, 202, 261 Friedrich Wilhelm Murnau
75%
Italie 91 Luchino Visconti
75%
USA 3, 113, 178 Orson Welles
75%
Allemagne 119 Werner Herzog
75%
Danemark 21, 49, 141, 149 Carl Theodor Dreyer
67%
Allemagne 37, 68 Fritz Lang
67%
France 13, 136, 148 Jean Renoir
67%
Mexique 161, 169, 172 Luis Buñuel
67%
Royaume-Uni 70, 83, 180, 203, 205, 259 Michael Powell
67%
Espagne 159 Pedro Almodóvar
67%
Russie 55 Sergueï Eisenstein
67%
Russie 31, 43, 69 Andrei Tarkovski
58%
France 7, 252 Claire Denis
58%
USA 8, 84, 152, 220 David Lynch
58%
Royaume-Uni 70, 83, 180, 203, 205, 259 Emeric Pressburger
58%
France 214 Jean-Pierre Melville
58%
USA 15, 110, 244 John Ford
58%
Danemark 222 Lars von Trier
58%
Italie 158 Pier Paolo Pasolini
58%
Italie 97, 162, 176 Sergio Leone
58%
USA 24 Spike Lee
58%
Italie 41 Vittorio de Sica
58%
Allemagne 188, 192 Wim Wenders
58%
Thaïlande 100, 201, 254 Apichatpong Weerasethakul
50%
Russie 9 Dziga Vertov
50%
USA 135 Frank Capra
50%
USA 229 George Lucas
50%
France 127, 193 Jacques Demy
50%
Nouvelle-Zélande 51 Jane Campion
50%
Japon 76, 92 Kenji Mizoguchi
50%
Chine 226 King Hu
50%
France 137 Marcel Carné
50%
Italie 74, 183, 199 Michelangelo Antonioni
50%
USA 130 Quentin Tarantino
50%
France 25, 95, 144, 179, 258 Robert Bresson
50%
USA 56, 96 Buster Keaton
42%
France 30, 242 Céline Sciamma
42%
Royaume-Uni 134, 213 David Lean
42%
Taïwan 78, 94 Edward Yang
42%
France 227 Éric Rohmer
42%
Japon 72, 77 Hayao Miyazaki
42%
USA 125, 217 Nicholas Ray
42%
Allemagne 53 Rainer Werner Fassbinder
42%
Inde 35, 184 Satyajit Ray
42%
Arménie 126 Sergueï Paradjanov
42%
USA 154, 207 Terence Malick
42%
France 231 Abel Gance
33%
Hongrie 79, 257 Béla Tarr
33%
Italie 121 Bernardo Bertolucci
33%
Royaume-Uni 26 Charles Laughton
33%
Canada 237, 264 David Cronenberg
33%
Allemagne 115, 138 Ernst Lubitsch
33%
Taïwan 157, 233 Hou Hsiao-Hsien
33%
USA 103, 109, 122, 129 Howard Hawks
33%
USA 240 King Vidor
33%
Argentine 140, 197, 208 Lucrecia Martel
33%
USA 174 Michael Mann
33%
Sénégal 99 Ousmane Sembène
33%
USA 124, 186 Paul Thomas Anderson
33%
Espagne 87, 245 Victor Erice
33%
France 170, 177 Alain Resnais
25%
France 27 Claude Lanzmann
25%
Sénégal 66 Djibril Diop Mambéty
25%
France 80, 171 Jacques Rivette
25%
France 34 Jean Vigo
25%
USA 215 Joseph L. Mankiewicz
25%
Mauritanie 156, 248 Med Hondo
25%
USA 63 Michael Curtiz
25%
USA 58, 146 Ridley Scott
25%
France 151 Roman Polanski
25%
USA 10 Stanley Donen
25%
USA 111 Victor Fleming
25%
Russie 211 Boris Barnet
17%
Royaume-Uni 65 Carol Reed
17%
USA 10 Gene Kelly
17%
Japon 236 Isao Takahata
17%
France 23 Jacques Tati
17%
USA 219 Michael Cimino
17%
Chili 258 Patricio Guzmán
17%
USA 251 Preston Sturges
17%
USA 117 Robert Altman
17%
Taïwan 112 Tsai Ming-Liang
17%
Chine 167 Wang Bing
17%
USA 246 Woody Allen
17%
USA 44 Charles Burnett
8%
France 59, 71 Chris Marker
8%
Italie 212 Dario Argento
8%
USA 232 David Wark Griffith
8%
Allemagne 75, 145 Douglas Sirk
8%
Autriche 187 Erich von Stroheim
8%
Argentine 238 Fernando Ezequiel Solanas
8%
Australie 210 George Miller
8%
Autriche 247 Georg Wilhelm Pabst
8%
France 163 Jacques Tourneur
8%
France 106 Jean Eustache
8%
USA 118 John Carpenter
8%
USA 116, 195 John Cassavetes
8%
USA 218 John Waters
8%
Lituanie 234 Jonas Mekas
8%
USA 123 Lana Wachowsky
8%
USA 221 Leo McCarey
8%
USA 123 Lilly Wachowsky
8%
France 150 Marguerite Duras
8%
France 90, 181 Max Ophüls
8%
Royaume-Uni 114 Nicolas Roeg
8%
Ukraine 255 Oleksandr Dovzhenko
8%
Bangladesh 153 Ritwik Ghatak
8%
USA 139 Sam Peckinpah
8%
France 143 Sarah Maldoror
8%
USA 120 Tobe Hooper
8%
Cuba 182 Tomás Gutiérrez Alea
8%
USA 16 Alexander Hammid
0%
Pologne 263 Andrzej Żuławski
0%
USA 225 Barbara Kopple
0%
USA 48 Barbara Loden
0%
USA 62 Barry Jenkins
0%
USA 147 Cheryl Dunne
0%
Royaume-Uni 230 Derek Jarman
0%
Brésil 223 Eduardo Coutinho
0%
Russie 104 Elem Klimov
0%
Iran 102 Forugh Farrokhzad
0%
Italie 46 Gille Pontecorvo
0%
Inde 185 Guru Dutt
0%
USA 206 Jennie Livingston
0%
Royaume-Uni 175 Jonathan Glazer
0%
USA 98 Jordan Peele
0%
USA 60 Julie Dash
0%
Russie 128 Larisa Shepitko
0%
USA 253 Lizzie Borden
0%
Royaume-Uni 250 Lynne Ramsay
0%
Brésil 216 Mário Peixoto
0%
USA 16 Maya Deren
0%
Canada 200 Michael Snow
0%
Portugal 243 Pedro Costa
0%
Royaume-Uni 165 Sally Potter
0%
Cuba 209 Sara Gómez
0%
Royaume-Uni 249 Terence Davies
0%
République Tchèque 28 Věra Chytilová
0%
USA 173 William Greaves
0%
Aucun quiz correspondant
Distribution des résultats
% des personnes avec chaque résultat
Percentile par nombre de réponses
Votre historique - résultats
Vous n’avez pas pris ce quiz